Xiao shui qing xuan-dong = A decade of selected novel

Bibliographic Details
Main Author: Wong Ji Xiong
Format: Book
Published: Republic China : Nei Men Gu , 2009
Subjects:

MARC

LEADER 00000cam a2200000 7i4500
001 0000151787
005 20251008120641.0
090 0 0 |a FMC   |b WON 
100 0 |a Wong Ji Xiong 
245 1 0 |a Xiao shui qing xuan-dong = A decade of selected novel   |c Wong Ji Xiong 
260 |a Republic China :   |b Nei Men Gu ,   |c 2009 
300 |a 516p. ;   |c 21cm. 
650 0 0 |a Chinese fiction 
650 0 0 |a Chinese language 
999 |a 00250491   |b BUKU   |c FICTION MANDARIN COLLECTION   |e PERPUSTAKAAN KOMUNITI PETALING JAYA 
999 |a 00250492   |b BUKU   |c FICTION MANDARIN COLLECTION   |e PERPUSTAKAAN KOMUNITI PETALING JAYA 
999 |a 00250541   |b BUKU   |c FICTION MANDARIN COLLECTION   |e PERPUSTAKAAN KOMUNITI PETALING JAYA 
999 |a 00250542   |b BUKU   |c FICTION MANDARIN COLLECTION   |e PERPUSTAKAAN KOMUNITI PETALING JAYA 
999 |a 00250547   |b BUKU   |c FICTION MANDARIN COLLECTION   |e PERPUSTAKAAN KOMUNITI PETALING JAYA 
999 |a 00250548   |b BUKU   |c FICTION MANDARIN COLLECTION   |e PERPUSTAKAAN KOMUNITI PETALING JAYA